000
00260nam a2200109Ia 4500
008
190216s9999||||xx |||||||||||||| ||und||
100
_a
Antony Raj
245
0
_a
Computer Programming In Fortran
260
_b
Emerald Publishers
650
_a
Computer
942
_c
BK
999
_c
8346
_d
8346